Πειραματικός Σχεδιασμός και Στατιστικές Εφαρμογές στην Ψυχολογία (Record no. 6330)
[ view plain ]
| 000 -LEADER | |
|---|---|
| fixed length control field | 02276cam a22002294a 4500 |
| 005 - ΗΜΕΡΟΜΗΝΙΑ ΚΑΙ ΩΡΑ ΤΕΛΕΥΤΑΙΑΣ ΕΝΗΜΕΡΩΣΗΣ | |
| Πεδίο ελέγχου | 20250605164239.0 |
| 008 - FIXED-LENGTH DATA ELEMENTS--GENERAL INFORMATION | |
| Πεδίο ελέγχου σταθερού μήκους | 250528s ||||||||||||||||||||||||d |
| 035 ## - SYSTEM CONTROL NUMBER | |
| System control number | 21264 |
| 020 ## - ISBN | |
| ISBN | 9789609405102 |
| 040 ## - ΠΗΓΗ ΚΑΤΑΛΟΓΟΓΡΑΦΗΣΗΣ | |
| Φορέας πρωτότυπης καταλογογράφησης | MC Athens Campus Library |
| Γλώσσα καταλογογράφησης | Ελληνικά, Μοντέρνα (1453-) |
| Modifying agency | MC Athens Campus Library |
| Κανόνες περιγραφικής καταλογογράφησης | AACR2 |
| 245 1# - ΤΙΤΛΟΣ ΚΑΙ ΔΗΛΩΣΗ ΥΠΕΥΘΥΝΟΤΗΤΑΣ | |
| Τίτλος | Πειραματικός Σχεδιασμός και Στατιστικές Εφαρμογές στην Ψυχολογία |
| 260 ## - PUBLICATION, DISTRIBUTION, ETC. | |
| Name of publisher, distributor, etc. | Πεδίο, |
| Date of publication, distribution, etc. | 2009 |
| 300 ## - PHYSICAL DESCRIPTION | |
| Extent | 264 |
| 520 ## - SUMMARY, ETC. | |
| Summary, etc. | Συνδύαζοντας τη θεωρία με την πράξη, το βιβλίο επιχειρεί να γεφυρώσει το χάσμα ανάμεσα στον πειραματικό σχεδιασμό και τη στατιστική ανάλυση με μια συνθετική και ολοκληρωμένη παρουσίαση. Πρόλογος, Η Επιστήμη της Ψυχολογίας και η Διαδικασία της Έρευνας, Η Φύση των Ψυχολογικών Πειραμάτων (I): Μεταβλητές και Συνθήκες, Η Φύση των Ψυχολογικών Πειραμάτων (II): Εγκυρότητα, Περιγραφή Δεδομένων, Εξαγωγή Συμπερασμάτων από τα Δεδομένα, Επιλογή Στατιστιστικού Ελέγχου, Έλεγχοι Στατιστικής Σημαντικότητας για Ονομαστικά Δεδομένα, Έλεγχοι Στατιστικής Σημαντικότητας για Τακτικά Δεδομένα (και για Δεδομένα Διαστημάτων/ αναλογικά όταν δεν πληρούνται οι παραμετρικές προϋποθέσεις), Έλεγχοι Στατιστικής Σημαντικότητας για Δεδομένα (Κλίμακας) Διαστημάτων, Συσχετιστικές Μελέτες, Στατιστικοί Πίνακες, Γλωσσάρι Βασικών Όρων, Ευρετήριο Όρων, Προτεινόμενες Βιβλιογραφικές Πηγές. |
| 700 1# - ΠΡΟΣΘΕΤΗ ΑΝΑΓΡΑΦΗ--ΦΥΣΙΚΟ ΠΡΟΣΩΠΟ | |
| Personal name | Sani Fabio |
| 9 (RLIN) | 7297 |
| 700 1# - ΠΡΟΣΘΕΤΗ ΑΝΑΓΡΑΦΗ--ΦΥΣΙΚΟ ΠΡΟΣΩΠΟ | |
| Personal name | Todman John |
| 9 (RLIN) | 7298 |
| 700 1# - ΠΡΟΣΘΕΤΗ ΑΝΑΓΡΑΦΗ--ΦΥΣΙΚΟ ΠΡΟΣΩΠΟ | |
| Personal name | Προδρομίτης Γεράσιμος |
| 9 (RLIN) | 7299 |
| 700 1# - ΠΡΟΣΘΕΤΗ ΑΝΑΓΡΑΦΗ--ΦΥΣΙΚΟ ΠΡΟΣΩΠΟ | |
| Personal name | Χρυσοχόου Ξένια |
| 9 (RLIN) | 7300 |
| 942 ## - ADDED ENTRY ELEMENTS (KOHA) | |
| Koha item type | Books |
| Τύπος τεκμηρίου | Βιβλιοθήκη | Τρέχουσα τοποθεσία | Barcode | Αριθμός εισαγωγής | Ημερομηνία απόκτησης | Ταξιθετικό σύμβολο | Αριθμός αντιτύπου | Κατάσταση απόσυρσης | Κατάσταση χαμένου | Κατάσταση κατεστραμμένου | Μη δανεισμός | Σύνολο δανεισμών | Ημερομηνία τελευταίας εμφάνισης | Η τιμή ισχύει από |
|---|---|---|---|---|---|---|---|---|---|---|---|---|---|---|
| Books | MC Athens Campus Library | MC Athens Campus Library | 9780000063298 | 5307 | 05/06/2025 | 150.724 SAN | 1 | 05/06/2025 | 05/06/2025 |